00548 2200205 4500001002100000005001700021008004100038020002200079035002400101043001300125082001000138090002200148100002000170245003500190250001000225260003100235300003400266650002100300990002100321YOGYA-0611000000065720110616112349.0 ind  a978-979-077-234-2 0010-061100000000657 aYOPD DIY a028.5 a028.5bHan MlSEL aHANDRINI, Ninik aMenepati janjicNinik Handrini aCet.1 aJakartabGema Insanic2010 a24 hlmbilusc20 cm [ 2 eks ] aBacaan bergambar a571-572-sel/B.11